ISBD(M) medzinárodný štandardný bibliografický popis pre monografie

Salvato in:
Dettagli Bibliografici
Altri autori: Majerová, Jarmila
Natura: Libro
Lingua:slovacco
Pubblicazione: Martin Matica slovenská 1995
Soggetti:
Tags: Aggiungi Tag
Nessun Tag, puoi essere il primo ad aggiungerne!!

MARC

LEADER 00000nam a2200000 4500
001 c009429
005 20230117084234.0
020 |a 80-7090-309-0 
041 0 |a slo 
044 |a SK 
245 1 0 |a ISBD(M)  |b medzinárodný štandardný bibliografický popis pre monografie  |c [z angl. orig. ... preložila Jarmila Majerová] 
264 1 |a Martin  |b Matica slovenská  |c 1995 
300 |a 108 s. 
610 2 0 |a knihovníctvo 
610 2 0 |a normy 
610 2 0 |a bibliografia 
700 1 |a Majerová, Jarmila